[Event "Santa Maria op 3rd"]
[Site "Santa Maria de Jetiba"]
[Date "2023.04.22"]
[Round "4"]
[White "Moreira, Etchiel Ribeiro"]
[Black "Batista, Leonardo Antonio"]
[Result "1/2-1/2"]
[WhiteElo "1829"]
[BlackElo "1532"]
[PlyCount "86"]
[EventDate "2023.04.21"]
[EventType "swiss"]
[EventRounds "7"]
[EventCountry "BRA"]
[SourceTitle "EXT 2024"]
[Source "ChessBase"]
[SourceDate "2023.10.10"]
[SourceVersion "1"]
[SourceVersionDate "2023.10.10"]
[SourceQuality "1"]

1. e4 e6 2. d3 d5 3. Nd2 c5 4. Ngf3 Nc6 5. g3 Nf6 6. Bg2 dxe4 7. dxe4 Be7 8. 0-0 a6 9. Re1 b5 10. Qe2 Qb6 11. e5 Nd5 12. c4 Nc7 13. Ne4 bxc4 14. Qxc4 Na5 15. Qc2 Bb7 16. Be3 Bxe4 17. Qxe4 Rb8 18. Rac1 Nd5 19. Qa4+ Qb5 20. Qxb5+ Rxb5 21. Bd2 Nc6 22. b3 Kd7 23. Bf1 Rb6 24. Be3 Nxe3 25. Rxe3 Ra8 26. h4 Kc7 27. Nd2 Nb4 28. Nc4 Rc6 29. Bg2 Nd5 30. Re2 Rd8 31. Rec2 Kb8 32. Be4 g6 33. a3 Rc7 34. Nd6 Bxd6 35. exd6 Rxd6 36. Rxc5 Rxc5 37. Rxc5 Kb7 38. a4 Rd8 39. b4 Kb8 40. b5 axb5 41. Rxb5+ Ka7 42. Ra5+ Kb6 43. Rb5+ Ka7 1/2-1/2

[Event "Santa Maria SMXC Cup-A 6th"]
[Site "Santa Maria de Jetiba"]
[Date "2020.06.15"]
[Round "13"]
[White "Moreira, Etchiel Ribeiro"]
[Black "Prado, Jose Nairo De Almei"]
[Result "1-0"]
[WhiteElo "1772"]
[BlackElo "2000"]
[PlyCount "85"]
[EventDate "2019.12.21"]
[EventType "tourn"]
[EventRounds "14"]
[EventCountry "BRA"]
[SourceTitle "EXT 2022"]
[Source "ChessBase"]
[SourceDate "2021.10.06"]
[SourceVersion "1"]
[SourceVersionDate "2021.10.06"]
[SourceQuality "1"]

1. e4 c6 2. d3 d5 3. Nd2 dxe4 4. dxe4 Nf6 5. Ngf3 Bg4 6. Qe2 e6 7. g3 Bb4 8. c3 Be7 9. Bg2 Nbd7 10. 0-0 Ne5 11. Qe3 Nxf3+ 12. Nxf3 Bxf3 13. Bxf3 Qb6 14. Qe2 0-0-0 15. a4 a6 16. Be3 Bc5 17. a5 Qa7 18. Bf4 h5 19. h4 Ng4 20. Bxg4 hxg4 21. b4 Bd6 22. Qxg4 Bxf4 23. Qxf4 f6 24. e5 f5 25. Qc4 Rd5 26. Qf4 g5 27. Qxg5 Rdd8 28. Rfd1 Rdg8 29. Qf4 Rg4 30. Qd2 Rxg3+ 31. Kf1 Rg7 32. Qd6 Re8 33. Rd2 Qb8 34. Qd4 Qc7 35. Rad1 Rg4 36. Qa7 Rgg8 37. Rd7 Qb8 38. Qb6 f4 39. c4 f3 40. R1d6 Ref8 41. b5 axb5 42. cxb5 Qxd6 43. Qxb7# 1-0

[Event "Santa Maria SMXC Cup-A 6th"]
[Site "Santa Maria de Jetiba"]
[Date "2020.04.30"]
[Round "10"]
[White "Moreira, Etchiel Ribeiro"]
[Black "Rodrigues, Vinicius Descovi"]
[Result "0-1"]
[WhiteElo "1772"]
[BlackElo "1795"]
[PlyCount "100"]
[EventDate "2019.12.21"]
[EventType "tourn"]
[EventRounds "14"]
[EventCountry "BRA"]
[SourceTitle "EXT 2022"]
[Source "ChessBase"]
[SourceDate "2021.10.06"]
[SourceVersion "1"]
[SourceVersionDate "2021.10.06"]
[SourceQuality "1"]

1. e4 e5 2. Nf3 Nc6 3. Bb5 Bc5 4. d3 a6 5. Ba4 Nf6 6. Bg5 b5 7. Bb3 d6 8. h3 h6 9. Bh4 Na5 10. c3 Nxb3 11. axb3 Be6 12. 0-0 0-0 13. Re1 Bb6 14. d4 exd4 15. cxd4 Re8 16. Nc3 c6 17. Qc2 Qd7 18. Kh2 Nh5 19. Ne2 f5 20. e5 dxe5 21. dxe5 g5 22. Bxg5 hxg5 23. Nxg5 Bxf2 24. Rf1 Bh4 25. Nf3 Be7 26. Rad1 Bd5 27. Qd3 Qe6 28. Nfd4 Qxe5+ 29. Kg1 Be4 30. Qc3 c5 31. Nxf5 Qxc3 32. bxc3 Bf8 33. Neg3 Nxg3 34. Nxg3 Bc2 35. Rd5 Bxb3 36. Rg5+ Bg7 37. Nf5 Ra7 38. Rf4 Bc2 39. Rfg4 Bxf5 40. Rxf5 c4 41. h4 Re6 42. h5 Kh7 43. Rf3 Rd7 44. Rgf4 Rh6 45. g4 Rd3 46. Kf2 Rxf3+ 47. Rxf3 Rf6 48. g5 Rxf3+ 49. Kxf3 Bxc3 50. Ke3 a5 0-1

[Event "Santa Maria SMXC Cup-A 6th"]
[Site "Santa Maria de Jetiba"]
[Date "2020.03.31"]
[Round "8"]
[White "Moreira, Etchiel Ribeiro"]
[Black "Oliveira, Natiele Medina"]
[Result "1-0"]
[WhiteElo "1772"]
[BlackElo "1800"]
[PlyCount "67"]
[EventDate "2019.12.21"]
[EventType "tourn"]
[EventRounds "14"]
[EventCountry "BRA"]
[SourceTitle "EXT 2021"]
[Source "ChessBase"]
[SourceDate "2020.10.23"]
[SourceVersion "1"]
[SourceVersionDate "2020.10.23"]
[SourceQuality "1"]

1. e4 d5 2. e5 Nc6 3. d4 e6 4. Ne2 Nge7 5. Nd2 Nf5 6. Nf3 Be7 7. c3 b6 8. Ng3 Nxg3 9. hxg3 f6 10. Bd3 f5 11. Bf4 g6 12. Qd2 Qd7 13. g4 Bb7 14. Ng5 Bxg5 15. Bxg5 Qf7 16. gxf5 gxf5 17. 0-0-0 Ne7 18. Rh6 0-0-0 19. Rdh1 c5 20. Bf6 Kb8 21. Bxh8 Rxh8 22. Qg5 cxd4 23. Qf6 Qxf6 24. exf6 Ng8 25. Rxh7 Rxh7 26. Rxh7 Nxf6 27. Rh6 Ng4 28. Rxe6 Nxf2 29. Bxf5 d3 30. Kd2 Ne4+ 31. Bxe4 dxe4 32. g4 Bd5 33. Re7 Bxa2 34. g5 1-0

[Event "Santa Maria 1st"]
[Site "Santa Maria de Jetiba"]
[Date "2020.03.15"]
[Round "4"]
[White "Moritz, Diego Homrich"]
[Black "Moreira, Etchiel Ribeiro"]
[Result "1-0"]
[WhiteElo "1696"]
[BlackElo "1800"]
[PlyCount "81"]
[EventDate "2020.03.14"]
[EventType "tourn"]
[EventRounds "11"]
[EventCountry "BRA"]
[SourceTitle "CBM 195 Extra"]
[Source "ChessBase"]
[SourceDate "2020.05.31"]
[SourceVersion "1"]
[SourceVersionDate "2020.05.31"]
[SourceQuality "1"]

1. d4 Nf6 2. Nf3 g6 3. Bf4 Bg7 4. Nbd2 d6 5. h3 0-0 6. e3 Nfd7 7. c3 e5 8. dxe5 dxe5 9. Bh2 Re8 10. Bc4 Nb6 11. Bb3 Nc6 12. a4 Na5 13. Ba2 Be6 14. Bxe6 Rxe6 15. Qe2 a6 16. 0-0 Qe7 17. b4 Nc6 18. e4 Na7 19. Nb3 Nd7 20. Qe3 b6 21. Rfd1 Nc8 22. Rd3 Rd6 23. Rad1 Rxd3 24. Qxd3 Qd6 25. Qe2 Qe6 26. Qc2 Nd6 27. Nbd2 c5 28. Qb3 c4 29. Qc2 b5 30. a5 Rd8 31. Ng5 Qe7 32. Nf1 Ne8 33. Qd2 Bf6 34. Nf3 Nc7 35. Ne3 Qe6 36. Ng4 Be7 37. Ng5 Nf8 38. Nxe6 Rxd2 39. Nh6+ Kh8 40. Nxf7+ Kg8 41. Nh6+ 1-0